مجموعة المحترف : (رقم التسجيلة. 144688)
[ عرض عادي ]
| 000 -LEADER | |
|---|---|
| fixed length control field | 01338nam a22002057a 4500 |
| 005 - DATE AND TIME OF LATEST TRANSACTION | |
| control field | 20251108175900.0 |
| 008 - FIXED-LENGTH DATA ELEMENTS--GENERAL INFORMATION | |
| fixed length control field | 250721s2021 xx 000 0 ara d |
| 082 14 - DEWEY DECIMAL CLASSIFICATION NUMBER | |
| Classification number | 658.4/طرا |
| 100 1# - MAIN ENTRY--PERSONAL NAME | |
| Personal name | الطراونة، عمر طلعت |
| Relator term | مؤلف |
| 245 10 - TITLE STATEMENT | |
| Title | مجموعة المحترف : |
| Remainder of title | المحترف في ادارة اصحاب المصلحة/المحترف في مؤشرات قياس الاداء وبطاقة الاداء المتوازن/المحترف في فن التعامل مع الشخصيات الصعبة /المحترف في المهارات الحياتية/المحترف في مهارات ادارة الوقت وضغوط العمل/المحترف في تدريب المدربين/المحترف في تنمية المهارات القيادية والاشرافية /المحترف في التخطيط الاستراتيجي الفعال/المحترف في ادارة الخصوصية والامان في العمل/المحترف في استدامة استراتيجية الاعمال / |
| 264 1# - PRODUCTION, PUBLICATION, DISTRIBUTION, MANUFACTURE, AND COPYRIGHT NOTICE | |
| Place of production, publication, distribution, manufacture | عمان : |
| Name of producer, publisher, distributor, manufacturer | المؤلف، |
| Date of production, publication, distribution, manufacture, or copyright notice | 2021. |
| 650 17 - SUBJECT ADDED ENTRY--TOPICAL TERM | |
| Topical term or geographic name as entry element | الادارة |
| 650 17 - SUBJECT ADDED ENTRY--TOPICAL TERM | |
| Topical term or geographic name as entry element | التخطيط |
| 650 17 - SUBJECT ADDED ENTRY--TOPICAL TERM | |
| Topical term or geographic name as entry element | علاقات العمل |
| 650 17 - SUBJECT ADDED ENTRY--TOPICAL TERM | |
| Topical term or geographic name as entry element | الادارة الاستراتيجية |
| 650 17 - SUBJECT ADDED ENTRY--TOPICAL TERM | |
| Topical term or geographic name as entry element | التخطيط الاستراتيجي |
| 650 17 - SUBJECT ADDED ENTRY--TOPICAL TERM | |
| Topical term or geographic name as entry element | التدريب |
| 942 ## - ADDED ENTRY ELEMENTS (KOHA) | |
| Source of classification or shelving scheme | Dewey Decimal Classification |
| Koha item type | كتب |
| حالة السحب | حالة الفقدان | مصدر التصنيف | حالة التلف | غير قابل للإعارة | المكتبة الرئيسية | المكتبة الحالية | موقع الرف | تاريخ التزويد | الرقم المتسلسل | Total Checkouts | رقم الإستدعاء | الباركود | تاريخ آخر ظهور | تاريخ الفاتورة | نوع المادة (كوها) |
|---|---|---|---|---|---|---|---|---|---|---|---|---|---|---|---|
| Dewey Decimal Classification | المكتبة المركزية | المكتبة المركزية | الإعارة | 28/07/2025 | 1779350 | 658.4/طرا | PLD00504771 | 28/07/2025 | 28/07/2025 | كتب | |||||
| Dewey Decimal Classification | المكتبة المركزية | المكتبة المركزية | الإعارة | 16/08/2023 | 1779351 | 658.4/طرا | PLD00505354 | 28/07/2025 | 16/08/2023 | كتب | |||||
| Dewey Decimal Classification | المكتبة المركزية | المكتبة المركزية | الإعارة | 16/08/2023 | 1779352 | 658.4/طرا | PLD00505355 | 28/07/2025 | 16/08/2023 | كتب | |||||
| Dewey Decimal Classification | المكتبة المركزية | المكتبة المركزية | الإعارة | 16/08/2023 | 1779353 | 658.4/طرا | PLD00505356 | 28/07/2025 | 16/08/2023 | كتب | |||||
| Dewey Decimal Classification | المكتبة المركزية | المكتبة المركزية | الإعارة | 16/08/2023 | 1779354 | 658.4/طرا | PLD00505357 | 28/07/2025 | 16/08/2023 | كتب | |||||
| Dewey Decimal Classification | المكتبة المركزية | المكتبة المركزية | الإعارة | 16/08/2023 | 1779355 | 658.4/طرا | PLD00505358 | 28/07/2025 | 16/08/2023 | كتب | |||||
| Dewey Decimal Classification | المكتبة المركزية | المكتبة المركزية | الإعارة | 16/08/2023 | 1779356 | 658.4/طرا | PLD00505359 | 28/07/2025 | 16/08/2023 | كتب | |||||
| Dewey Decimal Classification | المكتبة المركزية | المكتبة المركزية | الإعارة | 16/08/2023 | 1779357 | 658.4/طرا | PLD00505360 | 28/07/2025 | 16/08/2023 | كتب | |||||
| Dewey Decimal Classification | المكتبة المركزية | المكتبة المركزية | الإعارة | 16/08/2023 | 1779358 | 658.4/طرا | PLD00505361 | 28/07/2025 | 16/08/2023 | كتب | |||||
| Dewey Decimal Classification | المكتبة المركزية | المكتبة المركزية | الإعارة | 16/08/2023 | 1779359 | 658.4/طرا | PLD00505362 | 28/07/2025 | 16/08/2023 | كتب |